000 00361cam a2200145ua 4500
041 _aeng
_h
082 _a954
_bKMP/FO
100 _aPanikkar, K.M .
245 _aFoundations of New India /
_cK.M.Panikkar.
_hTextual Documents
260 _aLondon :
_bGeorge Allen & Unwin Ltd ,
_c1963.
300 _a260 ; .
504 _a
942 _cBK
999 _c697
_d697